| 000 | 00000nam##2200000za#4500 |
| 001 | 9.623738 |
| 003 | CaOODSP |
| 005 | 20200327175046 |
| 007 | ta |
| 008 | 150406|1995||||xxc||||| f|0| 0 fre|d |
| 020 | |a0-662-80858-4 |
| 040 | |aCaOODSP|bfre |
| 043 | |an-cn--- |
| 086 | 1 |aLU2-153/201-1995F |
| 110 | 1 |aCanada.|bDéveloppement des ressources humaines Canada. |bAssurance-chômage. |
| 245 | 10|aEntreprises, industries et interfinancement : |bprofils de la répartition des prestations et des cotisations d'assurance-chômage / |cpar Miles Corak et Wendy Pyper. |
| 260 | |aOttawa - Ontario : |bDéveloppement des ressources humaines Canada. |c1995. |
| 300 | |a39p. : |bgraphiques, tableaux ; |c30 cm. |
| 490 | 1 |aSérie d'évaluations de l'assurance-chômage |
| 500 | |a«L'objectif de cet exposé est de déterminer l'ampleur et la nature de l'interfinancement attribuable à l'assurance-chômage (a.-c.) et de donner de ce phénomène une explication comptable. L'analyse est réalisée au niveau des industries et des entreprises, de façon à mettre en évidence les profils d'interfinancement aussi bien entre les industries qu'à l'intérieur de chacune.»--Résumé. |
| 504 | |aBibliographie. |
| 520 | 3 |aL'objectif de cet exposé est de déterminer l'ampleur et la nature de l'interfinancement attribuable à l'assurance-chômage (a.-c.) et de donner de ce phénomène une explication comptable. L'analyse est réalisée au niveau des industries et des entreprises, de façon à mettre en évidence les profils d'interfinancement aussi bien entre les industries qu'à l'intérieur de chacune.--Résumé |
| 563 | |aCouverture souple |
| 590 | |a96-06|b1996-02-09 |
| 691 | 07|aAssurance-emploi|2gcpds |
| 720 | 1 |aCorak, Miles |
| 720 | 1 |aPyper, Wendy |
| 776 | 0#|tEntreprises, industries et interfinancement : |w(CaOODSP)9.606554 |
| 830 | #0|aSérie d'évaluations de l'assurance-chômage.|w(CaOODSP)9.513113 |
| 986 | |aIN-AH-201F-03-95 |